| 000 | 01245nam a2200277 a 4500 | ||
|---|---|---|---|
| 001 | 000022467 | ||
| 005 | 20211207131150.0 | ||
| 008 | 101011s1974 dr r 000 0 spa d | ||
| 040 |
_aDO-SdBNP _bspa _cBNPHU |
||
| 082 |
_a972.9402 _bP349i, 1974 |
||
| 100 | 1 |
_aPeña Batle, Manuel Arturo _946299 |
|
| 245 | 1 | 3 |
_aLa isla de la Tortuga : _bplaza de armas, refugio seminario de los enemigos de España en Indias / _cManuel Arturo Peña Batlle ; prólogo Manuel Aznar. |
| 260 |
_aSanto Domingo : _bSociedad Dominicana de Bibliófilos, _c1974. |
||
| 300 |
_a271 p. ; _c24 cm. |
||
| 490 | 1 | _aCultura Dominicana | |
| 500 | _aIncluye referencias bibliográficas y notas al pie de páginas | ||
| 500 | _aEstudio de algunas de las causas primeras y más importantes que determinaron la declinación del imperio español en América | ||
| 533 |
_aFacsím. _bMadrid _cCultura Hispanica _d1951 |
||
| 590 | _aInventariado,2019/BT | ||
| 651 | 0 |
_aTortura, Isla (Haití) _946300 |
|
| 651 | 4 |
_aEspaña _xColonias _zAméricas _xHistoria _946301 |
|
| 651 | 4 |
_aIsla Española (Haiti Y República Dominicana{Rpara} _xHistoria _938883 |
|
| 700 | 1 | 2 |
_aAznar, Manuel, _epról. _927761 |
| 830 | 0 |
_aCultura Dominicana _91708 |
|
| 910 | _aValidado. Control de calidad. MFF | ||
| 999 |
_c21965 _d21965 |
||